L'ode della bestemmia

Sábháilte in:
Sonraí bibleagrafaíochta
Príomhchruthaitheoir: Pasero, Giuseppe
Formáid: LEABHAR
Teanga:Béarla
Clibeanna: Cuir clib leis
Níl clibeanna ann, Bí ar an gcéad duine le clib a chur leis an taifead seo!

MARC

LEADER 00000nam a2200000 4500
001 CDOM0000002346
003 mi
005 20250922115138.0
008 250922b |||||||| |||| 00| 0 eng d
040 |c mi 
100 |a Pasero, Giuseppe 
245 1 |a L'ode della bestemmia  
942 |2 ddc  |c BK 
952 |0 0  |1 0  |2 ddc  |4 0  |7 0  |9 5933  |a MI  |b MI  |d 1987-09-02  |i 533  |l 0  |p CDOM533  |r 2025-07-13 16:28:00  |w 2025-07-13  |x DONO  |y BK 
999 |c 4738  |d 4738